Kursus Latihan Untuk Pensyarah di INSPEN pada 10-18 Februari 1992 Persembahan Pelan Pembelajaran [video recording]
| Format: | Book |
|---|---|
| Published: |
Bangi :
Inspen ,
1992
|
| Subjects: |
MARC
| LEADER | 00000cam a2200000 7i4500 | ||
|---|---|---|---|
| 001 | 0000004859 | ||
| 005 | 20061205.0 | ||
| 040 | |a INS | ||
| 090 | 0 | 0 | |a LC5219 1992 |
| 245 | 0 | 0 | |a Kursus Latihan Untuk Pensyarah di INSPEN pada 10-18 Februari 1992 Persembahan Pelan Pembelajaran [video recording] |
| 260 | |a Bangi : |b Inspen , |c 1992 | ||
| 300 | |a 1 Video cassette (VHS) ( ) : |b sd.,col. ; |c 1/2 in. | ||
| 650 | 0 | 0 | |a Occupational training |
| 999 | |a VHS374 |b VIDEO |c Media Collection |e Default branch | ||